Manual Procura+ : guia per a la compra pública sostenible / [Autoria: Simon Clement ... [et al.]] guia per a la compra pública sostenible / [Autoria:
Publicado:
Barcelona :
ICLEI, Local Governments for Sustainability : Procura+, Campanya de compra sostenible ,
2007
Descripción Física:
95 p. : il. col., quadres ; 30 cm
Otros Autores:
Clement, Simon
MARC
| LEADER | 00000nam a2200000Ia 4500 | ||
|---|---|---|---|
| 001 | 19188 | ||
| 008 | 160829s2007 xx 000 0 cat d | ||
| 080 | |a C-2-507 | ||
| 245 | |a Manual Procura+ : |b guia per a la compra pública sostenible / [Autoria: |b Simon Clement ... [et al.]] | ||
| 250 | |a 2a ed. | ||
| 260 | |a Barcelona : |b ICLEI, Local Governments for Sustainability : |b Procura+, Campanya de compra sostenible, |c 2007 | ||
| 300 | |a 95 p. : |b il. col., quadres ; |c 30 cm | ||
| 590 | |a La Diputació de Barcelona és membre de Procura+ a Catalunya | ||
| 650 | |a Compra pública |x Manuals, guies, etc. |9 45351 | ||
| 650 | |a Desenvolupament sostenible |x Manuals, guies, etc. |9 45352 | ||
| 700 | |a Clement, Simon |9 45353 | ||
| 901 | |a Arxiu | ||
| 942 | |n 1 | ||
| 952 | |0 0 |1 0 |4 0 |6 C2507 |7 1 |9 52517 |a Arxiu |b Arxiu |d 2016-12-01 |l 0 |o C-2-507 |p 19188 |r 2016-12-01 00:00:00 |w 2016-12-01 |y ARXIU | ||
| 999 | |c 56365 |d 56365 | ||